| 000 | 00854nam a22001937a 4500 | ||
|---|---|---|---|
| 008 | 100307s2007 pau|||||r|||| 000 0 eng d | ||
| 020 | _a0781774764 | ||
| 082 |
_222 _a610.73 _bJOH |
||
| 100 |
_912313 _aJohnson, Joyce Young |
||
| 245 |
_aStudy Guide to Accompany Craven and Hirnle's Fundamentals of nursing: _bHuman Health and Function / _cJoyce Young Johnson, Bennita W. Vaughans & Phyllis Prather-Hicks |
||
| 250 | _a5th ed. | ||
| 260 |
_aPhiladelphia : _bLippincott, 2007 _c2007 |
||
| 300 |
_a260p. ; _c27 cm. |
||
| 650 |
_912109 _aNursing. |
||
| 700 |
_912312 _aVaughans, Bennita W. |
||
| 700 |
_912314 _aPrather-Hicks, Phyllis |
||
| 942 |
_2ddc _cNRB |
||
| 999 |
_c13597 _d13597 |
||